Guinea : Request for a Three-Year Arrangement Under the Poverty Reduction and Growth Facility-Staff Report and Press Release on the Executive Board Discussion.

This paper examines Guinea-Bissau's Request for a Three-Year Arrangement Under the Poverty Reduction and Growth Facility (PRGF). Progress was made on the structural front, but the public enterprise restructuring and privatization program continues to experience delays. The new program focuses o...

Celý popis

Podrobná bibliografie
Korporativní autor: International Monetary Fund
Médium: Časopis
Jazyk:English
Vydáno: Washington, D.C. : International Monetary Fund, 2002.
Edice:IMF Staff Country Reports; Country Report ; No. 2002/999
On-line přístup:Full text available on IMF
LEADER 01778cas a2200241 a 4500
001 AALejournalIMF010804
008 230101c9999 xx r poo 0 0eng d
020 |c 5.00 USD 
020 |z 9781451815733 
022 |a 1934-7685 
040 |a BD-DhAAL  |c BD-DhAAL 
110 2 |a International Monetary Fund. 
245 1 0 |a Guinea :   |b Request for a Three-Year Arrangement Under the Poverty Reduction and Growth Facility-Staff Report and Press Release on the Executive Board Discussion. 
264 1 |a Washington, D.C. :  |b International Monetary Fund,  |c 2002. 
300 |a 1 online resource (99 pages) 
490 1 |a IMF Staff Country Reports 
500 |a <strong>Off-Campus Access:</strong> No User ID or Password Required 
500 |a <strong>On-Campus Access:</strong> No User ID or Password Required 
506 |a Electronic access restricted to authorized BRAC University faculty, staff and students 
520 3 |a This paper examines Guinea-Bissau's Request for a Three-Year Arrangement Under the Poverty Reduction and Growth Facility (PRGF). Progress was made on the structural front, but the public enterprise restructuring and privatization program continues to experience delays. The new program focuses on maintaining macroeconomic stability and accelerating growth as prerequisites for poverty reduction. Given the authorities' commitment to the poverty reduction strategy and their consistent record in meeting their obligations to the IMF, the IMF staff supports the authorities' request for a new three-year arrangement under the PRGF. 
538 |a Mode of access: Internet 
830 0 |a IMF Staff Country Reports; Country Report ;  |v No. 2002/999 
856 4 0 |z Full text available on IMF  |u http://elibrary.imf.org/view/journals/002/2002/999/002.2002.issue-999-en.xml  |z IMF e-Library